000 01064nam a22003257a 4500
003 CHAP
005 20220329141148.0
008 971010s1982 r 00010 d
010 _a63672
011 _a64644
035 _a70605
040 _cCHAP
082 _a599.016
_bA82Y
100 0 0 _aAustin, C. R.
_ecoord.
_98349
245 _aProcesos de reproducción en los mamíferos
260 _aMéxico, D. F. :
_bLa Prensa Médica Mexicana,
_c1982
300 _a6 v.
500 _aLa biblioteca tiene : v.4 Patrones de reproducción
590 _aBATCH-UPD
_b10
_c20130110
_lUCH01
_h1940
590 _aBATCH-UPD
_b10
_c20130410
_lUCH01
_h1303
590 _aBATCH-UPD
_b10
_c20130914
_lUCH01
_h0612
590 _aBATCH-UPD
_b10
_c20130914
_lUCH01
_h2117
590 _aCONVERSION
_b10
_c20130109
_lUCH01
_h1334
650 1 4 _aMamíferos
_xReproducción.
_970254
650 1 4 _aReproducción animal.
_996028
700 0 _aShort, R. V.
_ecoord.
_9105745
901 _aBK
942 _cLIBRO
949 _a599.016 A82Y
_bBC
_cLIBRO
_d33724002063678
_eLIBRO
_fv.4
_h62481
_i70605
_si
999 _c63672
_d63672